United Kingdom Political System - Statistics

General Stats
  • This quiz has been taken 361 times
  • The average score is 13 of 16
Answer Stats
Question Answer % Correct
Title given to the head of the UK Government Prime Minister
99%
Two dominant political parties Conservatives
97%
Second Chamber of Parliament, with a number of 'Life Peers' House of {Lords}
97%
Dominant party #2 Labour
96%
Year when the UK voted to leave the European Union 2016
95%
London address which is home to the British Government headquarters 10 {Downing Street}
94%
First Chamber of Parliament, with 650 elected members House of {Commons}
94%
City which houses the 'Senedd Cymru' Cardiff
88%
Parliament's meeting place Palace of {Westminster}
80%
Member of the First Chamber, often found shouting 'ORDER' to the rest of the house {Speaker} of the House
80%
Group of senior ministers, including secretaries for Governmental departments Cabinet
77%
Title of the chief financial minister, and member of the above Chancellor of the {Exchequer}
77%
Notable Agreement signed in 1998, and basis for Northern Ireland's current state of devolution {Good} {Friday} Agreement
73%
The UK is one of few current nations to have an 'Uncodified __________' Constitution
64%
Current hereditary 'Head of State' Elizabeth II
62%
Area of Edinburgh, home to the Scottish Parliament Holy{rood}
60%
No matching quizzes found
Score Distribution
Percent of People with Each Score
Percentile by Number Answered
Your Score History
You have not taken this quiz